00829cam a2200217 a 450000100100000000500170001000800410002703500190006804000180008708200200010510000340012524500790015926000760023830000210031465000250033565000380036070000410039891000340043995201230047399900150059600000825120200929161323.0910408s1988 cu 001 0 spa  a(DLC) 91888768 aDO-SdBNPcDLC aCu864.44bA779p1 aArrufat, Anton,c1935-92237414aLas pequeñas cosas /cAnton Arrufat , edicción José Rodríguez Feo. aCiudad de La Habana :bUnión de Escritores y Artistas de Cuba,c1988. a138 p. ;c23 cm. 4aEnsayo cubano920853 4aLiteratura cubanaySIGLO XX991861 aRodríguez Feo, José,eed.916879 aCatalogación por copia / LC 001052708MOaGRbGRcCTd2009-09-15iLF1l0oCu864.44 A779pp8251-10r2020-06-25w2020-06-25y2ZPréstamo interno c8022d8022